00661nam a2200205Ia 4500003000900000008004100009040001600050080002300066100001800089245011500107260004700222300001000269490004400279650004100323650002300364650002100387700001400408700001600422700001700438IN-BaIIA211028s9999 xx 000 0 eng d cIIA Library a084.4:523.983bKUR aKurucz, R. L. 0aSolar flux atlas from 296 to 1300 nmc R. L. Kurucz…[et al.]  aNew MexicobHarvard University Pressc1984 a239p. aNational solar observatory atlas; no. 1 aAstronomy and astrophysics thesaurus aAtlas - solar flux aSolar Flux Atlas aBrault, J aFurenlid, I aTesterman, L